Calesita de canciones para jugar

保存先:
書誌詳細
第一著者: Fridman, Ruth (著者)
フォーマット: 図書
言語:スペイン語
出版事項: Buenos Aires Paidós 1976
シリーズ:Biblioteca del Educador Contemporáneo, 6
主題:
タグ: タグ追加
タグなし, このレコードへの初めてのタグを付けませんか!

MARC

LEADER 00000nam a2200000 a 4500
001 UCU0989
003 CL-VaPUC
008 960329e19760000AG |||||||||||||||||spa|d
082 0 4 |a 372.87  |b FRI  |2 21 
100 0 |a Fridman, Ruth  |e author  |9 356539 
245 1 0 |a Calesita de canciones para jugar 
300 |a 93 p 
942 |c BK 
945 |d 19960329 00:00:00  |a lriquelm 
260 |a Buenos Aires  |b Paidós  |c 1976 
650 0 |a Enseñanza de la música  |9 339802 
650 7 |a CANCIONES  |2 CL-VaPUC  |9 356540 
650 0 |a Niños  |9 255605 
650 0 |a Juegos educativos  |9 307366 
583 |a last modification  |c 19960329 00:00:00  |k Rodrigo Vera 
490 0 |a Biblioteca del Educador Contemporáneo, 6 
999 |c 245762  |d 245760 
952 |0 0  |1 0  |4 0  |6 372_870000000000000_FRI_1976  |7 0  |8 P  |9 260356  |a BIBEDU  |b BIBEDU  |c BIBEDU_PB  |d 2019-11-19  |i 163996K  |o 372.87 FRI 1976  |p 163996K  |r 2024-01-25  |w 2019-11-19  |y BK  |k EDU